Logo BPK

Biblioteka

Politechniki Koszalińskiej

Research Methods in Psychology / (Rekord nr 47717)

Szczegóły MARC
000 -ETYKIETA REKORDU
podpole kontrolne o stałej długości 00773nam a2200253 i 4500
001 - NUMER KONTROLNY REKORDU
pole kontrolne bgj
020 ## - MIĘDZYNARODOWY ZNORMALIZOWANY NUMER KSIĄŻKI - ISBN
ISBN 0070728593
040 ## - ŹRÓDŁO KATALOGOWANIA
Instytucja, która utworzyła rekord BPK
041 0# - KOD JĘZYKA
Kod języka tekstu eng
920 ## - Międzynarodowy znormalizowany numer książki – ISBN
ISBN 0-07-072859-3
008 - POLE O STAŁEJ DŁUGOŚCI - DANE KONTROLNE
podpole kontrolne o stałej długości s uk f |000 0 eng
100 1# - NAZWA OSOBOWA
Nazwa osobowa SHAUGHNESSY, John J.
Daty związane z nazwą (1947- )
245 10 - TYTUŁ/ODPOWIEDZIALNOŚĆ
Tytuł Research Methods in Psychology /
Pozostałe elementy strefy tytułu i oznaczenia odpowiedzialności John J. Shaugnessy ; Eugene B. Zechmeister.
250 ## - STREFA WYDANIA
Oznaczenie wydania 2nd edition.
260 ## - STREFA ADRESU WYDAWNICZEGO
Miejsce wydania New York [etc.] :
Nazwa wydawcy/dystrybutora McGraw-Hill Inc.,
Data publikacji, dystrybucji/powstania dokumentu c. 1990.
300 ## - STREFA OPISU FIZYCZNEGO
Objętość XXI, 522 pp :
Inne cechy fizyczne fig. ;
Rozmiary 24 cm.
504 ## - UWAGA DOTYCZĄCA BIBLIOGRAFII
Informacje o bibliografii Bibliography p. 497-510.
505 ## - SFORMALIZOWANA UWAGA DOTYCZĄCA ZAWARTOŚCI
Pełny tekst uwagi Includes indexes.
650 #9 - HASŁO PRZEDMIOTOWE W FORMIE NAZWY OGÓLNEJ LUB JEDNOSTKOWEJ
Nazwa ogólna lub geograficzna Psychology
Określnik ogólny Reasearch
-- Methodology
650 #9 - HASŁO PRZEDMIOTOWE W FORMIE NAZWY OGÓLNEJ LUB JEDNOSTKOWEJ
Nazwa ogólna lub geograficzna Psychology, Experimental
655 ## - TERMIN INDEKSOWY - OKREŚLENIE RODZAJU/FORMY DOKUMENTU
Określenie rodzaju/formy dokumentu Textbooks
700 1# - HASŁO DODATKOWE - NAZWA OSOBOWA
Nazwa osobowa ZECHMEISTER, Eugene B.
Daty związane z nazwą (1944- ).
Określenie związku między hasłem a opisywanym materiałem co-author
856 ## - LOKALIZACJA I DOSTĘP DO ELEKTRONICZNYCH DOKUMENTÓW ZDALNYCH
Link (URL) http://koha.tu.koszalin.pl/cgi-bin/koha/opac-detail.pl?biblionumber=47717
Tekst linku Katalog online BPK
942 ## - DODATKOWE ELEMENTY (KOHA)
Typ dokumentu Książka
Egzemplarze
Wycofany Status egzemplarza Uszkodzony Dostępność Lokalizacja stała Lokalizacja bieżąca Miejsce przechowywania Sygnatura Kod kreskowy Typ dokumentu
      Dostępny Biblioteka Politechniki Koszalińskiej Biblioteka Politechniki Koszalińskiej Wypożyczalnia Językowa KA 4278 09014817 Książka
      Dostępny Biblioteka Politechniki Koszalińskiej Biblioteka Politechniki Koszalińskiej Wypożyczalnia Językowa KA 4279 09014824 Książka
      Dostępny Biblioteka Politechniki Koszalińskiej Biblioteka Politechniki Koszalińskiej Wypożyczalnia Językowa KA 4280 09014831 Książka
© 2023 Biblioteka Politechniki Koszalińskiej :: KOHA